Normal view MARC view

Entry Nombre personal

Number of records used in: 3

001 - NÚMERO DE CONTROL

  • campo de control: 118522

003 - IDENTIFICADOR DE NÚMERO DE CONTROL

  • campo de control: SpMaBN

005 - FECHA Y HORA DE LA ÚLTIMA TRANSACCIÓN

  • campo de control: 20250902211129.0

008 - ELEMENTOS DE DATO DE LONGITUD-FIJA

  • campo de control de longitud fija: 981014n| aijnnaabn |a aaa

016 ## - NÚMERO DE CONTROL DE UNA AGENCIA BIBLIOGRÁFICA NACIONAL

  • Número de control del registro: BNE19984212795

024 7# - IDENTIFICADOR DE OTROS ESTÁNDARES

  • Número estándar o código: http://viaf.org/viaf/78342559/
  • Fuente: viaf

024 7# - IDENTIFICADOR DE OTROS ESTÁNDARES

  • Número estándar o código: https://isni.org/isni/0000000081583703
  • Fuente: isni

024 7# - IDENTIFICADOR DE OTROS ESTÁNDARES

  • Número estándar o código: http://www.wikidata.org/entity/Q5637376
  • Fuente: wikidata

040 ## - FUENTE DE CATALOGACIÓN

  • Centro catalogador/agencia de origen: SpMaBN
  • Lengua de catalogación: spa
  • Centro/agencia transcriptor: SpMaBN
  • Normas de descripción: rdc
  • Convención/Normas de encabezamiento de materia/tesauro: embne

046 ## - FECHAS CON CODIFICACIÓN ESPECIAL

  • Fecha de nacimiento: 1857
  • Fecha de la muerte: 1943

100 1# - ENCABEZAMIENTO-NOMBRE DE PERSONA

  • Nombre de persona: Zurano Muñoz, Emilio,
  • Fechas asociadas al nombre: 1857-1943

370 ## - LUGAR ASOCIADO

  • Lugar de nacimiento: España, Andalucía, Almería (Provincia), Pulpí

370 ## - LUGAR ASOCIADO

  • Lugar de fallecimiento: España, Murcia (Comunidad Autónoma), Torre-Pacheco

374 ## - OCUPACIÓN

  • Ocupación: Escritores
  • Ocupación: Sociólogos
  • Ocupación: Abogados
  • Ocupación: Publicistas

375 ## - GÉNERO/SEXO

  • Género: Masculino

377 ## - IDIOMA ASOCIADO

  • Término de lengua/lenguaje: Español

400 1# - TRAZADO DE VÉASE--NOMBRE DE PERSONA

  • Nombre de persona: Zurano, Emilio,
  • Fechas asociadas al nombre: 1857-1943

670 ## - FUENTE DE DATOS ENCONTRADOS

  • Cita de la fuente: Apuntes para la organización económica entre los pueblos hispanos
  • Información encontrada: port. (Emilio Zurano Muñoz)

670 ## - FUENTE DE DATOS ENCONTRADOS

  • Cita de la fuente: Alianza hispano-americana, 1928
  • Información encontrada: port. (Emilio Zurano)

670 ## - FUENTE DE DATOS ENCONTRADOS

  • Cita de la fuente: WWW Wikipedia, 11-04-2023
  • Información encontrada: (Emilio Ramón Zurano Muñoz, Pulpí, 11-08-1857-Torre Pacheco, 29.01-1943), fue un escritor, sociólogo, abogado y publicista español)
  • Identificador Uniforme de Recursos: https://es.wikipedia.org/wiki/Emilio_Zurano